Industry performance gradients indexes (Registro nro. 27921)

Detalles MARC
000 -LEADER
fixed length control field 00362 a2200121 4500
001 - CONTROL NUMBER
control field ART_17576
005 - DATE AND TIME OF LATEST TRANSACTION
control field 20260410161923.0
008 - FIXED-LENGTH DATA ELEMENTS--GENERAL INFORMATION
fixed length control field 260409a
100 1# - MAIN ENTRY--PERSONAL NAME
Personal name Willig, R.D.
245 10 - TITLE STATEMENT
Title Industry performance gradients indexes
700 1# - ADDED ENTRY--PERSONAL NAME
Personal name Dansby, Robert E.
773 0# - HOST ITEM ENTRY
Title The American Economic Review
Related parts - Vol. 69, Nº 3 (jun. 1979)
Record control number REV16190

No hay ítems disponibles.